000 00905nas a2200301 4500
001 BR2011002125
003 BR-BrBNA
005 20231205114557.0
007 ta
008 230509b bl.|||p| |||| 00| 00por d
040 _aBR-BrBNA
_bpor
_cBiblioteca Nacional de Agricultura
041 _a(Pt)
072 _aF01
100 1 _aGrassi, A.M.
100 1 _aScarpare Filho, J.A.
100 1 _aChagas, E.A.
100 1 _aPio, R.
100 1 _aPasqual, M.
100 1 _aTizato, L.H.G.
100 1 _aChagas, P.C.
245 1 _aQualidade de frutos de cultivares de nespereira em função do ensacamento em diferentes estádios de desenvolvimento
650 _aNESPERA
650 _aRALEIO
650 _aPRÁTICA CULTURAL
773 0 _tCiência Rural (Brazil)
_xISSN 0103-8478
_g(Feb 2011), v. 41(2) p. 227-229
_wBR2011002125
909 _a202311
_bLúcia
_c55
_dLúcia Elande
942 _2AGRIS
_n0
_cANA
999 _c209404
_d209404